| 000 | 00602nam a22001817a 4500 | ||
|---|---|---|---|
| 003 | CEME | ||
| 005 | 20210628210051.0 | ||
| 008 | 210211b xxu||||| |||| 00| 0 eng d | ||
| 020 | _a1-55860-571-1 | ||
| 040 | _c. | ||
| 082 | _a004. HEG | ||
| 100 |
_aAbeck, Sebastian Hegering, Heinz-Gerd Neumair, Bernhard _978041 |
||
| 245 | _aIntegrated management of networked systems concepts architectures and their operational application | ||
| 260 |
_aSAN FRANCISCO _bMORGAN KAUFMAN _c1999 |
||
| 300 | _a655P | ||
| 650 |
_aCOMPUTER NETWORK-MANAGEMENT COMPUTER NETWORK-ARHITECTURES _978042 |
||
| 942 |
_cBK _2ddc |
||
| 999 |
_c583198 _d583198 |
||